[Event "Olympiad Women-30"]
[Site "Manila"]
[Date "1992.06.24"]
[Round "14"]
[White "Borisova, Borislava"]
[Black "Puljek Salai, Zorica"]
[Result "1-0"]
[WhiteElo "2150"]
[BlackElo "2190"]
[PlyCount "147"]
[EventDate "1992.06.07"]
[EventType "team-swiss"]
[EventRounds "14"]
[EventCountry "PHI"]
[SourceTitle "EXT 2019"]
[Source "ChessBase"]
[SourceDate "2018.10.10"]
[SourceVersion "1"]
[SourceVersionDate "2018.10.10"]
[SourceQuality "1"]
[WhiteTeam "Sweden (W)"]
[BlackTeam "Croatia (W)"]
[WhiteTeamCountry "SWE"]
[BlackTeamCountry "CRO"]

1. Nf3 d6 2. d4 Bg4 3. g3 Nd7 4. Bg2 c6 5. 0-0 e5 6. c4 e4 7. Ng5 d5 8. cxd5 cxd5 9. f3 exf3 10. exf3 Bf5 11. Nc3 Be7 12. Re1 h6 13. Nh3 Ngf6 14. Qe2 Kf8 15. Nf4 Nb6 16. a4 Bb4 17. a5 Nc4 18. Ra4 Bxa5 19. Nfxd5 b5 20. Rxa5 Nxa5 21. Nxf6 Qxd4+ 22. Be3 Qxf6 23. Qxb5 Nc6 24. Nd5 Qg6 25. Qc5+ Kg8 26. Qxc6 Kh7 27. Qxg6+ Bxg6 28. Ne7 Bd3 29. f4 Rab8 30. Bd4 Rhe8 31. Kf2 a6 32. Rd1 Bb5 33. Re1 Rbd8 34. Bc3 Rd7 35. Nc6 Rc8 36. Ne5 Re7 37. Bf3 Rd8 38. Nc6 Rxe1 39. Kxe1 Re8+ 40. Kd2 f6 41. Nd4 Bf1 42. Kc2 g6 43. Kb3 h5 44. f5 Kg7 45. Ne6+ Kf7 46. Bd5 Rb8+ 47. Ka3 gxf5 48. Nf4+ Ke7 49. Bb4+ Kd7 50. Nxh5 Rh8 51. Nxf6+ Kd8 52. h4 Rh6 53. Ba5+ Kc8 54. Bc3 Bd3 55. Be5 f4 56. gxf4 Rxh4 57. Ne4 Rh2 58. Nc5 Bb5 59. Bb7+ Kd8 60. Nxa6 Bd7 61. Nc5 Bg4 62. Kb4 Rc2 63. Bd5 Rd2 64. Bc4 Ke7 65. Kb5 Rc2 66. b4 Rc1 67. Bd3 Re1 68. Kb6 Kd8 69. Be4 Bc8 70. Bf6+ Ke8 71. Kc7 Bg4 72. Be5 Rc1 73. Bd6 Be2 74. Bg6# 1-0

[Event "Olympiad Women-30"]
[Site "Manila"]
[Date "1992.06.21"]
[Round "12"]
[White "Borisova, Borislava"]
[Black "Johns Putra, Geraldine"]
[Result "1-0"]
[WhiteElo "2150"]
[BlackElo "2005"]
[PlyCount "63"]
[EventDate "1992.06.07"]
[EventType "team-swiss"]
[EventRounds "14"]
[EventCountry "PHI"]
[SourceTitle "EXT 2019"]
[Source "ChessBase"]
[SourceDate "2018.10.10"]
[SourceVersion "1"]
[SourceVersionDate "2018.10.10"]
[SourceQuality "1"]
[WhiteTeam "Sweden (W)"]
[BlackTeam "Malaysia (W)"]
[WhiteTeamCountry "SWE"]
[BlackTeamCountry "MAS"]

1. Nf3 Nf6 2. g3 g6 3. Bg2 Bg7 4. 0-0 0-0 5. c4 d5 6. cxd5 Nxd5 7. Nc3 Nb6 8. d3 Nc6 9. Be3 Bd7 10. Rc1 Qc8 11. Re1 Bh3 12. Bh1 Rd8 13. Qb3 Be6 14. Qa3 h6 15. Bc5 Qd7 16. b4 a5 17. b5 Nb4 18. Bxb4 axb4 19. Qxb4 Bxa2 20. Nd2 Bxc3 21. Qxc3 Qxb5 22. Bxb7 Ra7 23. Bc6 Qa5 24. Qc2 Nd5 25. Qc5 Qxc5 26. Rxc5 Nb4 27. Bf3 Bd5 28. Bxd5 Rxd5 29. Rc4 Rb7 30. Ne4 Kf8 31. Ra1 Rd8 32. Rb1 1-0

[Event "Nordic-tt"]
[Site "Aabybro"]
[Date "1989.??.??"]
[Round "?"]
[White "Hoiberg, Nina"]
[Black "Borisova, Borislava"]
[Result "1-0"]
[WhiteElo "2195"]
[BlackElo "2180"]
[PlyCount "77"]
[EventDate "1989.10.??"]
[EventType "team"]
[EventRounds "7"]
[EventCountry "DEN"]
[SourceTitle "EXT 1997"]
[Source "ChessBase"]
[SourceDate "1996.11.15"]
[SourceVersion "1"]
[SourceVersionDate "1996.11.15"]
[SourceQuality "1"]

1. e4 e6 2. d4 d5 3. Nc3 Bb4 4. Nge2 dxe4 5. a3 Be7 6. Nxe4 Nd7 7. Be3 Ngf6 8. N2c3 Nxe4 9. Nxe4 Nf6 10. Bd3 0-0 11. 0-0 Bd7 12. c4 Bc6 13. f3 a5 14. Qc2 g6 15. b4 axb4 16. axb4 Rxa1 17. Rxa1 Bxb4 18. Nxf6+ Qxf6 19. c5 Qh4 20. Qb2 Be1 21. Kf1 Qxh2 22. Bg1 Qh1 23. Rxe1 Bxf3 24. Re3 Bg4 25. Qxb7 Qh4 26. Qxc7 Qf6+ 27. Bf2 Qxd4 28. Qe5 Qd7 29. Be2 Bxe2+ 30. Rxe2 Qd1+ 31. Re1 Qd3+ 32. Kg1 Qd8 33. c6 Qd5 34. Qf6 Re8 35. Bd4 Kf8 36. Qh8+ Ke7 37. Bf6+ Kd6 38. Qxe8 Qc5+ 39. Kh2 1-0

[Event "Nordic-tt"]
[Site "Aabybro"]
[Date "1989.??.??"]
[Round "?"]
[White "Sikora Gizynska, Bozena"]
[Black "Borisova, Borislava"]
[Result "1/2-1/2"]
[WhiteElo "2220"]
[BlackElo "2180"]
[PlyCount "41"]
[EventDate "1989.10.??"]
[EventType "team"]
[EventRounds "7"]
[EventCountry "DEN"]
[SourceTitle "EXT 1997"]
[Source "ChessBase"]
[SourceDate "1996.11.15"]
[SourceVersion "1"]
[SourceVersionDate "1996.11.15"]
[SourceQuality "1"]

1. e4 e6 2. Nf3 d5 3. Nc3 Nf6 4. e5 Nfd7 5. d4 Be7 6. Bd3 c5 7. dxc5 Nxc5 8. 0-0 Nxd3 9. Qxd3 0-0 10. Bf4 Nc6 11. Bg3 Bd7 12. a3 a5 13. Ne2 b5 14. Nfd4 Nxd4 15. Nxd4 Qb6 16. f4 Bc5 17. Bf2 b4 18. f5 exf5 19. Nxf5 Bxf5 20. Qxf5 Rac8 21. axb4 1/2-1/2

[Event "Olympiad Women-28"]
[Site "Thessaloniki"]
[Date "1988.11.29"]
[Round "14"]
[White "Borisova, Borislava"]
[Black "Polgar, Judit"]
[Result "0-1"]
[WhiteElo "2210"]
[BlackElo "2320"]
[PlyCount "92"]
[EventDate "1988.11.13"]
[EventType "team-swiss"]
[EventRounds "14"]
[EventCountry "GRE"]
[SourceTitle "EXT 1997"]
[Source "ChessBase"]
[SourceDate "1996.11.15"]
[SourceVersion "1"]
[SourceVersionDate "1996.11.15"]
[SourceQuality "1"]
[WhiteTeam "Sweden (W)"]
[BlackTeam "Hungary (W)"]
[WhiteTeamCountry "SWE"]
[BlackTeamCountry "HUN"]

1. Nf3 c5 2. g3 Nc6 3. Bg2 g6 4. 0-0 Bg7 5. c3 e5 6. d3 d5 7. Nbd2 Nge7 8. Nb3 b6 9. d4 e4 10. Ng5 cxd4 11. Nxd4 Nxd4 12. cxd4 Nf5 13. f3 e3 14. f4 0-0 15. Nf3 Ba6 16. Re1 Qe7 17. Qa4 Bb7 18. b3 Rfc8 19. Ba3 Qe6 20. Rac1 Bc6 21. Qa6 Nxd4 22. Nxd4 Bxd4 23. Qd3 Bf6 24. Rxc6 Rxc6 25. Bxd5 Qd7 26. Bxc6 Qxc6 27. Rc1 Qe6 28. Qd6 Qf5 29. Qc6 Rd8 30. Kg2 Kg7 31. Bb4 Rd5 32. Qc2 Qe6 33. Bc3 Rc5 34. Bxf6+ Qxf6 35. Qxc5 bxc5 36. Rxc5 Qa1 37. Re5 Qxa2 38. Rxe3 Qd2 39. Kf3 Qc1 40. h4 Qf1+ 41. Ke4 f5+ 42. Kd3 Qd1+ 43. Kc3 a5 44. Kc4 Qd2 45. Re7+ Kf6 46. Rb7 Qc2+ 0-1

[Event "Olympiad Women-28"]
[Site "Thessaloniki"]
[Date "1988.11.25"]
[Round "11"]
[White "Borisova, Borislava"]
[Black "Theander, Maj"]
[Result "1-0"]
[WhiteElo "2205"]
[BlackElo "2040"]
[PlyCount "75"]
[EventDate "1988.11.13"]
[EventType "team-swiss"]
[EventRounds "14"]
[EventCountry "GRE"]
[SourceTitle "EXT 2019"]
[Source "ChessBase"]
[SourceDate "2018.10.10"]
[SourceVersion "1"]
[SourceVersionDate "2018.10.10"]
[SourceQuality "1"]
[WhiteTeam "Sweden (W)"]
[BlackTeam "Denmark (W)"]
[WhiteTeamCountry "SWE"]
[BlackTeamCountry "DEN"]

1. Nf3 d5 2. g3 Nf6 3. c4 c6 4. cxd5 cxd5 5. Qb3 e6 6. Nc3 Qb6 7. Qxb6 axb6 8. Bg2 Bd7 9. 0-0 Nc6 10. d3 Bc5 11. Bf4 0-0 12. a3 Ne8 13. Rac1 f6 14. Bh3 Rf7 15. Bd2 e5 16. Bg2 Be6 17. Nb5 Nc7 18. Nc3 Rd7 19. Rfd1 Be7 20. e4 dxe4 21. dxe4 Bb3 22. Re1 Bc5 23. Be3 Bxe3 24. Rxe3 Rad8 25. h3 Rd3 26. Nd5 Rxe3 27. Nxe3 Ne6 28. Nd5 Bxd5 29. exd5 Rxd5 30. Ng5 Rd6 31. Nxe6 Rxe6 32. Bd5 Kf7 33. Kf1 Ke7 34. Bxe6 Kxe6 35. Ke2 Kd6 36. Kd3 b5 37. b4 Kd5 38. Rc5+ 1-0